| 000 | 00884nam a2200265Ia 4500 | ||
|---|---|---|---|
| 005 | 20210727153041.0 | ||
| 008 | 121119s2003 ck a gr 000 0 spa | ||
| 020 | _a9583008583 | ||
| 041 | 0 | _aspa | |
| 082 | 0 | 4 |
_a616.9792 _bL86S |
| 100 | 1 |
_aLuque Nuñez, Ricardo _d1959- |
|
| 245 | 1 | 3 |
_aEl sida en primera persona _binformación y claves para el logro de acuerdos preventivos _cRicardo Luque Núñez |
| 250 | _aPrimera edición | ||
| 300 |
_a185 páginas _bilustraciones _c23 cm |
||
| 490 | 0 | _aCiencia y salud | |
| 650 | 1 | 4 |
_aEducación sexual _2LEMB |
| 650 | 1 | 4 |
_aEnfermedades transmisibles _xPrevención _2LEMB |
| 650 | 1 | 4 |
_aSida _xPrevención _2LEMB |
| 942 |
_2ddc _cBK |
||
| 264 |
_aBogotá _bPanamericana _c2003 |
||
| 336 |
_atexto _btxt _2rdacontent |
||
| 337 |
_asin mediación _bn _2rdamedia |
||
| 338 |
_avolumen _bnc _2rdacarrier |
||
| 040 |
_aCO-BoRNBP _bspa _erda _cCO-BoRNBP |
||
| 999 |
_c1466 _d1466 |
||